<?xml version="1.0" encoding="UTF-8"?>
<record
    xmlns:xsi="http://www.w3.org/2001/XMLSchema-instance"
    xsi:schemaLocation="http://www.loc.gov/MARC21/slim http://www.loc.gov/standards/marcxml/schema/MARC21slim.xsd"
    xmlns="http://www.loc.gov/MARC21/slim">

  <leader>00851nam a2200205 a 4500</leader>
  <controlfield tag="008">081121s2003    ||||||||||||||||| ||    u</controlfield>
  <datafield tag="020" ind1=" " ind2=" ">
    <subfield code="a">9780340859421</subfield>
  </datafield>
  <datafield tag="050" ind1=" " ind2=" ">
    <subfield code="a">HF 5635 Lym</subfield>
  </datafield>
  <datafield tag="100" ind1=" " ind2=" ">
    <subfield code="a">Lymer, Andrew</subfield>
  </datafield>
  <datafield tag="245" ind1="1" ind2="0">
    <subfield code="a">Teach yourself book keeping</subfield>
    <subfield code="c">Andrew, Lymer; Andrew, Piper</subfield>
  </datafield>
  <datafield tag="260" ind1=" " ind2=" ">
    <subfield code="a">London:</subfield>
    <subfield code="b">Hodder Arnold</subfield>
    <subfield code="c">2003</subfield>
  </datafield>
  <datafield tag="300" ind1=" " ind2=" ">
    <subfield code="a">x, 358p.: ill.</subfield>
  </datafield>
  <datafield tag="350" ind1=" " ind2=" ">
    <subfield code="a">0.00</subfield>
  </datafield>
  <datafield tag="490" ind1=" " ind2=" ">
    <subfield code="a">Teach yourself </subfield>
  </datafield>
  <datafield tag="650" ind1=" " ind2="0">
    <subfield code="a">ACCOUNTING--HANDBOOKS, MANUALS, ETC</subfield>
  </datafield>
  <datafield tag="650" ind1=" " ind2=" ">
    <subfield code="a">BOOKKEEPING</subfield>
  </datafield>
  <datafield tag="700" ind1=" " ind2=" ">
    <subfield code="a">Piper, Andrew</subfield>
  </datafield>
  <datafield tag="995" ind1=" " ind2=" ">
    <subfield code="a">BINDERY (DAMAGED)</subfield>
    <subfield code="D">0.00</subfield>
    <subfield code="e">739291</subfield>
    <subfield code="F">CBU-MAIN LIBRARY (Kitwe)</subfield>
    <subfield code="H">1</subfield>
    <subfield code="I">75000.00</subfield>
    <subfield code="j">HF 5635 LYM</subfield>
    <subfield code="M">1</subfield>
    <subfield code="U">DAMAGED</subfield>
    <subfield code="W">Jan 26, 2009</subfield>
    <subfield code="y">739291</subfield>
    <subfield code="Z">Main Library Open Access Collection</subfield>
  </datafield>
  <datafield tag="995" ind1=" " ind2=" ">
    <subfield code="a">BINDERY (DAMAGED)</subfield>
    <subfield code="D">0.00</subfield>
    <subfield code="e">739292</subfield>
    <subfield code="F">CBU-MAIN LIBRARY (Kitwe)</subfield>
    <subfield code="H">1</subfield>
    <subfield code="I">75000.00</subfield>
    <subfield code="j">HF 5635 LYM</subfield>
    <subfield code="M">2</subfield>
    <subfield code="U">DAMAGED</subfield>
    <subfield code="W">Jan 26, 2009</subfield>
    <subfield code="y">739292</subfield>
    <subfield code="Z">Main Library Open Access Collection</subfield>
  </datafield>
  <datafield tag="999" ind1=" " ind2=" ">
    <subfield code="c">80921</subfield>
    <subfield code="d">80921</subfield>
  </datafield>
  <datafield tag="952" ind1=" " ind2=" ">
    <subfield code="0">0</subfield>
    <subfield code="1">0</subfield>
    <subfield code="2">lcc</subfield>
    <subfield code="4">0</subfield>
    <subfield code="7">0</subfield>
    <subfield code="a">001</subfield>
    <subfield code="b">001</subfield>
    <subfield code="c">Main Library Open Access Collection</subfield>
    <subfield code="d">2023-07-11</subfield>
    <subfield code="l">0</subfield>
    <subfield code="o">HF 5635 Lym</subfield>
    <subfield code="p">739291</subfield>
    <subfield code="r">2023-07-11</subfield>
    <subfield code="t">1</subfield>
    <subfield code="w">2023-07-11</subfield>
    <subfield code="y">002</subfield>
  </datafield>
  <datafield tag="952" ind1=" " ind2=" ">
    <subfield code="0">0</subfield>
    <subfield code="1">0</subfield>
    <subfield code="2">lcc</subfield>
    <subfield code="4">0</subfield>
    <subfield code="7">0</subfield>
    <subfield code="a">001</subfield>
    <subfield code="b">001</subfield>
    <subfield code="c">Main Library Open Access Collection</subfield>
    <subfield code="d">2023-07-11</subfield>
    <subfield code="l">0</subfield>
    <subfield code="o">HF 5635 Lym</subfield>
    <subfield code="p">739292</subfield>
    <subfield code="r">2023-07-11</subfield>
    <subfield code="t">2</subfield>
    <subfield code="w">2023-07-11</subfield>
    <subfield code="y">002</subfield>
  </datafield>
</record>
